Europos Sostinės - Statistics

General Stats
  • This quiz has been taken 11,721 times
  • The average score is 28 of 46
Answer Stats
Hint Answer % Correct
Airija Dublinas
89%
Lietuva Vilnius
84%
Italija Roma
83%
Estija Talinas
83%
Jungtinė Karalystė Londonas
82%
Latvija Ryga
81%
Graikija Atėnai
79%
Baltarusija Minskas
79%
Ispanija Madridas
78%
Austrija Viena
78%
Lenkija Varšuva
77%
Andora Andora
74%
Prancūzija Paryžius
74%
Belgija Briuselis
72%
Rusija Maskva
72%
Čekija Praha
71%
Bulgarija Sofija
71%
Danija Kopenhaga
69%
Norvegija Oslas
69%
Liuksemburgas Liuksemburgas
67%
Portugalija Lisabona
62%
Islandija Reikjavikas
60%
San Marinas San Marinas
60%
Albanija Tirana
60%
Vokietija Berlynas
59%
Monakas Monakas
59%
Nyderlandai Amsterdamas
58%
Ukraina Kijevas
55%
Suomija Helsinkis
54%
Švedija Stokholmas
54%
Vatikanas Vatikanas
53%
Kroatija Zagrebas
52%
Rumunija Bukareštas
50%
Bosnija ir Hercegovina Sarajevas
49%
Malta Valeta
48%
Šveicarija Bernas
47%
Vengrija Budapeštas
45%
Kipras Nikosija
44%
Juodkalnija Podgorica
41%
Slovakija Bratislava
40%
Kosovas Priština
38%
Moldova Kišiniovas
37%
Serbija Belgradas
36%
Šiaurės Makedonija Skopjė
36%
Slovėnija Liubliana
35%
Lichtenšteinas Vaducas
35%
No matching quizzes found
Score Distribution
Percent of People with Each Score
Percentile by Number Answered
Your Score History
You have not taken this quiz